000 00615nam a22002177a 4500
001 1175824
003 ARRUPE
005 20131126170858.0
008 961121s1995 ii 000 0 eng
010 _a 96222475
020 _z817109241X
040 _aDLC
_cDLC
050 0 0 _aBF575.
_bG8.X3 1995
100 1 _aXavier, Francis P.
_94042
245 1 0 _aGuilt feelings :
_bhelp to moral growth /
_cFrancis P. Xavier.
260 _aBandra, Bombay :
_bSt. Pauls,
_c1995.
300 _a104 p. ;
_c22 cm.
906 _a7
_bcbc
_corignew
_du
_encip
_f19
_gy-gencatlg
942 _2lcc
_cMONOGRAPH
999 _c118735
_d118735